00245nam a22001091a 4500082002100000100001700021245003600038260001600074300000900090650002300099650001300122 aM 494.812bDAV/R aDavis Xavior aRasavicharam/cby Davis Xavior. a b c2009. a96p. aLanguage Malayalam aLanguage